Memorias de mi vida muerta

Saved in:
Bibliografiske detaljer
Hovedforfatter: Moore, George Edward (autor)
Format: Bog
Sprog:spansk
Udgivet: Buenos Aires Emecé Editores S. A 1949
Udgivelse:1a. ed
Serier:Grandes Novelistas
Fag:
Tags: Tilføj Tag
Ingen Tags, Vær først til at tagge denne postø!

MARC

LEADER 00000cam a2200000 a 4500
001 UCE2146
003 CL-VaPUC
008 140612e19490000ag |||||||||||||||||spa|d
082 0 4 |a 823  |b MOO  |2 21 
100 |a Moore, George Edward  |e autor  |9 867121 
245 1 0 |a Memorias de mi vida muerta 
250 |a 1a. ed 
300 |a 357 p 
942 |c BK 
945 |d 20140612 14:08:00  |a dcastane 
260 |a Buenos Aires  |b Emecé Editores S. A  |c 1949 
650 0 |a Novelas irlandesas  |9 266298 
650 0 |a Literatura irlandesa  |9 349943 
650 7 |a MEMORIAS  |2 CL-VaPUC  |9 269159 
583 |a last modification  |c 20140612 14:08:00  |k Rodrigo Vera 
490 0 |a Grandes Novelistas 
999 |c 355809  |d 355807 
952 |0 0  |1 0  |3 erb  |4 0  |6 823_000000000000000_MOO_1949  |7 0  |8 A  |9 462671  |a BIBEDU  |b BIBEDU  |i 5047730  |o 823 MOO 1949  |p 5047730  |r 2019-11-23  |w 2019-11-23  |y BK  |z Catalogado en:20140612  |k LIT